000
00294nam a22001337a 4500
008
170623b xxu||||| |||| 00| 0 eng d
020
_a
0226158306
041
_a
eng
080
_a
32
100
_a
21
101
_a
SHP
245
_a
THE SEARCH FOR STABLE MONEY
_c
DORN.J.A
942
_2
udc
_c
BK
999
_c
18856
_d
18856